000 00449nam a2200169Ia 4500
999 _c29527
_d29527
003 OSt
005 20201112094703.0
008 190216s9999||||xx |||||||||||||| ||und||
040 _coclc
082 _a894.8123
_bSAY/C
100 _aSayib
_96496
245 0 _aChemmeente Makal /
_cSayib
260 _bAlbum Books,
_aKannur:
_c2008.
300 _a167p
650 _aNovel
942 _cBK
_2ddc
_h894.8123
_iSAY/C
_k894.8123
_mSAY/C